Introduction to Sociology / (Record no. 8274)
[ view plain ]
| 000 -LEADER | |
|---|---|
| fixed length control field | 00608nam a2200229 a 4500 |
| 001 - CONTROL NUMBER | |
| JCCL Control Number | 8274 |
| 003 - CONTROL NUMBER IDENTIFIER | |
| JCCL marc code | BD-JhCC |
| 005 - DATE AND TIME OF LATEST TRANSACTION | |
| control field | 20180220121508.0 |
| 008 - FIXED-LENGTH DATA ELEMENTS--GENERAL INFORMATION | |
| fixed length control field | 180220s1969 u a|||| || | 000 0 eng d |
| 035 ## - SYSTEM CONTROL NUMBER | |
| system control number | (BD-JhCC)8274 |
| 040 ## - CATALOGING SOURCE | |
| Original cataloging agency | BD-JhCC |
| Modifying agency | BD-JhCC |
| 041 ## - LANGUAGE CODE | |
| Language code of Book | eng |
| 082 ## - DEWEY DECIMAL CLASSIFICATION NUMBER | |
| Classification number | 301 |
| Author mark and Year | BIE 1969 |
| 100 ## - MAIN ENTRY--PERSONAL NAME | |
| Personal name | Biesanz, John |
| 245 ## - TITLE STATEMENT | |
| Title | Introduction to Sociology / |
| Statement of responsibility, etc | John Biesanz, |
| 260 ## - PUBLICATION, DISTRIBUTION, ETC. (IMPRINT) | |
| Place of publication, distribution, etc | new Jersey : |
| Name of publisher, distributor, etc | Prentice-Hall, Inc. |
| Date of publication, distribution, etc | 1969. |
| 300 ## - PHYSICAL DESCRIPTION | |
| Pagination | 214 p. : |
| Other physical details | ill. ; |
| Dimensions | 24 cm. |
| 650 ## - SUBJECT ADDED ENTRY--TOPICAL TERM | |
| Topical term or geographic name as entry element | Sociology |
| General subdivision | Study and Teaching |
| 700 ## - ADDED ENTRY--PERSONAL NAME | |
| Personal name | John Biesanz&Navis Biesanz |
| 942 ## - ADDED ENTRY ELEMENTS (KOHA) | |
| Source of classification or shelving scheme | Dewey Decimal Classification |
| Koha item type | Books |
| Source of classification or shelving scheme | Damaged status | Not for loan | Home library | Current library | Shelving location | Date of accession | Source of acquisition | Total Checkouts | Full call number | Barcode | Date last seen | Copy number | Koha item type |
|---|---|---|---|---|---|---|---|---|---|---|---|---|---|
| Dewey Decimal Classification | JCC Rouf Library | JCC Rouf Library | General Stacks | 02/20/2018 | Asia foundation | 301 BIE 1969 | 10499 | 02/20/2018 | C-1 | Books |